[Event "Moscow Open 2009 B"]
[Site "www.moscowchessopen.ru"]
[Date "2009.02.06"]
[Round "7.12"]
[White "Dzhangobegov, Vladimir"]
[Black "Rozhkov, Vecheslav"]
[Result "1/2-1/2"]
[WhiteElo "2180"]
[BlackElo "2243"]
[Annotator ""]
[Source ""]
[Remark ""]

1.e4 c5 2.Nf3 d6 3.d4 cxd4 4.Nxd4 Nf6 5.Nc3 a6 6.Bc4 e6 7.Bb3
Nbd7 8.f4 Nc5 9.e5 dxe5 10.fxe5 Nxb3 11.axb3 Nd5 12.O-O Nxc3
13.bxc3 Qd5 14.Qh5 g6 15.Qh4 h6 16.Bg5 b5 17.Bf6 Bb7 18.Qf2 Rh7
19.Rad1 Bc5 20.Kh1 Rc8 21.Rd3 Bb6 22.Rfd1 Qe4 23.Qd2 Bd5 24.Rg3
g5 25.Re1 Qf4 26.Qd3 Bxd4 27.Qxh7 Bf2 28.Ra1 a5 29.Rd3 Bc5 30.Qh8+
Kd7 31.Qg7 Kc6 32.Rxd5 exd5 33.Qxf7 Qf5 34.e6 Rc7 35.Qe8+ Kb6
36.b4 Qxf6 37.bxc5+ Kxc5 38.Rb1 Kd6 39.Re1 Qxc3 40.Qd8+ Kc6 41.Rd1
Qe5 42.Qa8+ Kd6 43.Qxa5 Qxe6 44.Qb6+ Rc6 45.Qxb5 Qe4 46.Qb8+
Ke7 47.Rf1 Rxc2 48.Qb7+ Ke6 49.Qb6+ Ke7 50.Qb7+ Ke6 51.Qb6+ Ke7
52.Qa7+ Ke6 53.Qb6+ Ke7 54.Qa7+ 1/2-1/2

[Event "Moscow Open 2009 B"]
[Site "www.moscowchessopen.ru"]
[Date "2009.02.06"]
[Round "7.14"]
[White "Loginov, Anton"]
[Black "Krivenko, Sergey"]
[Result "1-0"]
[WhiteElo "2232"]
[BlackElo "2111"]
[Annotator ""]
[Source ""]
[Remark ""]

1.d4 Nf6 2.c4 g6 3.Nc3 Bg7 4.e4 d6 5.f3 O-O 6.Bg5 Nc6 7.d5 Ne5
8.f4 Ned7 9.Nf3 c6 10.Bd3 Qb6 11.Qe2 e6 12.dxe6 fxe6 13.Rd1 e5
14.fxe5 Nxe5 15.Nxe5 dxe5 16.Rd2 Ng4 17.Nd1 Be6 18.h3 Nf6 19.Qe3
Nh5 20.Qxb6 axb6 21.b3 Nf4 22.Bf1 Bf6 23.Bxf6 Rxf6 24.Nf2 Rff8
25.Nd3 Rfd8 26.a4 Nh5 27.Nxe5 Ng3 28.Rg1 Nxe4 29.Rd3 Nc5 30.Re3
Bf5 31.g4 Bc2 32.b4 Nb3 33.c5 Rd1+ 34.Kf2 Rf8+ 35.Kg2 Nd2 36.Bd3
Rxg1+ 37.Kxg1 Bxa4 38.cxb6 Re8 39.Kf2 Bb5 40.Bxb5 cxb5 41.Ke2
Nb1 42.g5 Rc8 43.Nd7 Nc3+ 44.Kf3 Nd5 45.Nf6+ Nxf6 46.gxf6 Rf8
47.Re6 Kf7 48.Rd6 Rb8 49.Kf4 h6 50.h4 Rc8 51.Ke5 Re8+ 52.Kd5
Re1 53.Rd7+ Kxf6 54.Rxb7 1-0

[Event "Moscow Open 2009 B"]
[Site "www.moscowchessopen.ru"]
[Date "2009.02.06"]
[Round "7.15"]
[White "Grishin, Alexander"]
[Black "Grebennikov, Igor"]
[Result "1-0"]
[WhiteElo "2231"]
[BlackElo "1400"]
[Annotator ""]
[Source ""]
[Remark ""]

1.Nf3 Nf6 2.c4 g6 3.b3 Bg7 4.Bb2 d6 5.d4 O-O 6.g3 Nbd7 7.Qc2
Re8 8.Nc3 c6 9.Bg2 e5 10.dxe5 dxe5 11.e4 Qa5 12.O-O Nf8 13.Rfd1
Bg4 14.Ne2 N6d7 15.h3 Bxf3 16.Bxf3 Nc5 17.a3 Nce6 18.b4 Qc7 19.c5
Rad8 20.h4 h5 21.Bg2 Rxd1+ 22.Rxd1 Rd8 23.Rd3 a5 24.Bh3 axb4
25.axb4 b6 26.cxb6 Qxb6 27.Rxd8 Nxd8 28.Qc4 Nde6 29.Nc1 c5 30.b5
Nc7 31.Bf1 Nfe6 32.Nb3 Nd4 33.Bxd4 cxd4 34.Qc5 Qb8 35.Na5 Na8
36.Nc4 Qc7 37.Qxc7 Nxc7 38.Nd6 Bf8 39.Nc8 Ne6 40.b6 Nc5 41.Bc4
Nd7 42.b7 Bc5 43.Bb5 Nb8 44.Kf1 Kf8 45.f3 f5 46.exf5 gxf5 47.Bd3
f4 48.gxf4 exf4 49.Bg6 Kg7 50.Bxh5 d3 51.Be8 Kf6 52.Ke1 Ke5 53.Bb5
Kd4 54.h5 Ke3 55.h6 Kxf3 56.Bxd3 Ke3 57.h7 Bd4 58.Bb5 Ke4 59.Ne7
Bc3+ 60.Kf1 Bb2 61.Nc6 Nd7 62.Nd4 Bxd4 63.Bxd7 1-0

[Event "Moscow Open 2009 B"]
[Site "www.moscowchessopen.ru"]
[Date "2009.02.06"]
[Round "7.16"]
[White "Demidov, Alexandr"]
[Black "Kutuzov, Denis"]
[Result "1/2-1/2"]
[WhiteElo "2209"]
[BlackElo "2298"]
[Annotator ""]
[Source ""]
[Remark ""]

1.e4 e6 2.d4 d5 3.Nd2 dxe4 4.Nxe4 Nd7 5.Nf3 Ngf6 6.Nxf6+ Nxf6
7.Bd3 c5 8.O-O cxd4 9.Nxd4 Bc5 10.Nb3 Be7 11.Re1 O-O 12.Qf3 Qd5
13.Qxd5 Nxd5 14.Be4 Rd8 15.Bd2 Bf6 16.Rad1 Bxb2 17.c4 Nf6 18.Bc3
Rxd1 19.Rxd1 Kf8 20.Bxb2 Nxe4 21.Rd8+ Ke7 22.Rh8 f6 23.f3 Nd6
24.Ba3 h6 25.Nd2 f5 26.h4 b6 27.Bxd6+ Kxd6 28.Rh7 a5 29.Rxg7
a4 30.Kf2 Ba6 31.Ke3 b5 32.Kd4 b4 33.f4 Rd8 34.Ke3 1/2-1/2

[Event "Moscow Open 2009 B"]
[Site "www.moscowchessopen.ru"]
[Date "2009.02.06"]
[Round "7.17"]
[White "Kleiman, B"]
[Black "Simonian, Tigran"]
[Result "0-1"]
[WhiteElo "2295"]
[BlackElo "2207"]
[Annotator ""]
[Source ""]
[Remark ""]

1.d4 d5 2.c4 e6 3.Nc3 Nf6 4.Bg5 Nbd7 5.Nf3 c6 6.e3 Qa5 7.Nd2
Bb4 8.Qc2 e5 9.dxe5 Ne4 10.Ndxe4 dxe4 11.Bf4 Nxe5 12.Be2 Bf5
13.O-O Bxc3 14.Qxc3 Qxc3 15.bxc3 Nd3 16.f3 Nxf4 17.exf4 exf3
18.Bxf3 O-O-O 19.Rfd1 Be6 20.Be2 Kc7 21.Kf2 Rhe8 22.a3 b6 23.Rd4
Bc8 24.Rad1 Rxe2+ 25.Kxe2 Bg4+ 26.Ke1 Re8+ 27.Kd2 c5 28.Rd3 Bxd1
29.Kxd1 Re4 30.g3 Rxc4 31.Re3 Kd7 32.Kc2 b5 33.Re5 b4 34.axb4
cxb4 35.Kb3 Rxc3+ 36.Kxb4 Rc2 37.Ra5 Rxh2 38.Rxa7+ Ke6 39.Kc4
Rg2 40.Kd4 Rxg3 41.Ke4 f5+ 42.Kd4 h5 43.Ra6+ Kd7 44.Ke5 g6 45.Ra7+
Kc6 46.Rh7 Kb5 47.Kd4 Ka4 48.Rb7 Ka3 49.Ke5 h4 50.Kf6 h3 51.Rh7
Kb4 52.Rh8 Kc3 53.Ke5 Kc4 54.Rh7 Kd3 55.Ra7 Ke3 56.Ra3+ Kf2 57.Ra2+
Kf3 0-1

[Event "Moscow Open 2009 B"]
[Site "www.moscowchessopen.ru"]
[Date "2009.02.06"]
[Round "7.18"]
[White "Erofeev, Alexey"]
[Black "Yuferev, Oleg"]
[Result "1/2-1/2"]
[WhiteElo "2195"]
[BlackElo "2293"]
[Annotator ""]
[Source ""]
[Remark ""]

1.d4 d5 2.Bg5 h6 3.Bh4 c6 4.e3 Qb6 5.b3 e5 6.Nf3 e4 7.Nfd2 Ne7
8.f3 Nf5 9.Bf2 exf3 10.Qxf3 Be6 11.Bd3 Nd6 12.O-O Nd7 13.a4 Nf6
14.a5 Qd8 15.h3 a6 16.c4 Be7 17.Nc3 O-O 18.Ne2 Nh7 19.Nf4 Ng5
20.Qh5 Qd7 21.cxd5 cxd5 22.Nf3 Nde4 23.Ne5 Qd6 24.Be1 Rac8 25.h4
Nf6 26.Qe2 Nge4 27.g4 Nd7 28.Bxe4 Nxe5 29.Nxe6 fxe6 30.Bc2 Nxg4
31.Rxf8+ Bxf8 32.Rc1 Nf6 33.Bh7+ Kxh7 34.Rxc8 Ne4 35.Qf3 Kg8
36.Kg2 Qe7 37.Rb8 Nf6 38.Bg3 Qb4 39.Bc7 Kh7 40.Bb6 Bd6 41.Rxb7
Ne4 42.Qd1 Qc3 43.Qe2 Qc8 44.Ra7 Qe8 45.Qg4 Qf8 46.Qf3 Qc8 47.Bc7
Bxc7 48.Qf7 Be5 49.dxe5 Qc2+ 50.Kh3 Nf2+ 1/2-1/2

[Event "Moscow Open 2009 B"]
[Site "www.moscowchessopen.ru"]
[Date "2009.02.06"]
[Round "7.19"]
[White "Timofeev, Vladimir F"]
[Black "Novikov, Valeri"]
[Result "1-0"]
[WhiteElo "2288"]
[BlackElo "2169"]
[Annotator ""]
[Source ""]
[Remark ""]

1.e4 e5 2.Bc4 Nf6 3.d3 c6 4.Nf3 d5 5.Bb3 dxe4 6.Ng5 Be6 7.Bxe6
fxe6 8.Nxe6 Qd6 9.Ng5 exd3 10.cxd3 Nbd7 11.O-O h6 12.Nf3 O-O-O
13.Qa4 Qb4 14.Qxa7 Bc5 15.Qa8+ Kc7 16.Qa3 Qb6 17.Qa4 Ra8 18.Qc4
g5 19.Nc3 Qa6 20.Qxa6 Rxa6 21.Be3 Re8 22.Rfe1 Bxe3 23.Rxe3 b5
24.b3 b4 25.Ne4 Nd5 26.Re2 Rea8 27.g3 Ra3 28.Rc2 Rxb3 29.Rac1
Rxd3 30.Rxc6+ Kd8 31.Rd6 Ke7 32.Rxd7+ Kxd7 33.Nxe5+ Ke6 34.Nxd3
Rxa2 35.Rc6+ Kf5 36.Nec5 Kg4 37.Rd6 Nc3 38.Kg2 h5 39.Rf6 1-0

[Event "Moscow Open 2009 B"]
[Site "www.moscowchessopen.ru"]
[Date "2009.02.06"]
[Round "7.20"]
[White "Kuznesov, Andrei"]
[Black "Kurukin, Dmitry"]
[Result "1/2-1/2"]
[WhiteElo "2286"]
[BlackElo "2202"]
[Annotator ""]
[Source ""]
[Remark ""]

1.e4 c5 2.Nf3 d6 3.d4 cxd4 4.Qxd4 Nc6 5.Bb5 Bd7 6.Bxc6 Bxc6 7.Nc3
Nf6 8.Bg5 e6 9.O-O-O Be7 10.Qd3 Qa5 11.h4 O-O 12.Nd4 Rfc8 13.Kb1
Be8 14.f4 Rab8 15.f5 h6 16.g4 b5 17.Bxf6 Bxf6 18.g5 Be5 19.fxe6
fxe6 20.Nce2 Bh5 21.Rdg1 Bxe2 22.Nxe2 Kh7 23.gxh6 gxh6 24.Rf1
Rb7 25.Nd4 Qb4 26.c3 Qc4 27.Qxc4 Rxc4 28.Nxe6 Rxe4 29.Rhg1 Bg7
30.Nxg7 Rxg7 31.Rxg7+ Kxg7 32.Rd1 Rxh4 33.Rxd6 Rf4 34.Kc2 Rf6
35.Rd7+ Rf7 36.Rd5 a6 37.a4 bxa4 38.Ra5 Rf2+ 39.Kc1 Rf1+ 40.Kc2
Rf2+ 41.Kb1 Rf4 42.Rxa6 h5 43.Kc2 h4 44.b4 axb3+ 45.Kxb3 h3 46.Ra1
h2 47.Rh1 Rh4 48.c4 Kf7 49.Kb4 Ke7 1/2-1/2

[Event "Moscow Open 2009 B"]
[Site "www.moscowchessopen.ru"]
[Date "2009.02.06"]
[Round "7.21"]
[White "Bronnikov, Konstantin"]
[Black "Uraev, Ivan"]
[Result "0-1"]
[WhiteElo "2285"]
[BlackElo "2194"]
[Annotator ""]
[Source ""]
[Remark ""]

1.e4 c5 2.Nf3 e6 3.d4 cxd4 4.Nxd4 a6 5.Nc3 Qc7 6.g3 Nf6 7.Bg2
Be7 8.O-O O-O 9.f4 d6 10.g4 Nc6 11.Nxc6 bxc6 12.g5 Nd7 13.Qh5
f5 14.exf5 exf5 15.Nd5 cxd5 16.Bxd5+ Kh8 17.Bxa8 Qa7+ 18.Rf2
Qxa8 19.b3 Qc6 20.Bb2 Bb7 21.Kf1 Qh1+ 22.Ke2 Qe4+ 23.Kf1 Qe6
24.Re1 Be4 25.Re3 Kg8 26.Rh3 Qg6 27.Qd1 d5 28.Bd4 Rc8 29.Rc3
Rxc3 30.Bxc3 Bc5 31.Bd4 Qb6 32.c3 Nf8 33.Ke2 Ne6 34.Ke3 a5 35.h4
Qc7 36.Qd2 Bd6 37.Be5 Bxe5 38.fxe5 Qxe5 39.Ke2 f4 40.Kd1 Kf7
41.Kc1 Kg6 42.Kb2 Nc5 43.Rh2 Nd3+ 44.Ka3 Kh5 45.Rh3 Qf5 46.Qd1+
f3 47.Rh2 Qe5 0-1

[Event "Moscow Open 2009 B"]
[Site "www.moscowchessopen.ru"]
[Date "2009.02.06"]
[Round "7.22"]
[White "Karlson, Vladilen"]
[Black "Betaneli, Alexander"]
[Result "0-1"]
[WhiteElo "2190"]
[BlackElo "2284"]
[Annotator ""]
[Source ""]
[Remark ""]

1.e4 e5 2.Nf3 Nc6 3.Bb5 a6 4.Ba4 Nf6 5.d4 exd4 6.O-O Be7 7.Re1
b5 8.e5 Nxe5 9.Rxe5 d6 10.Re1 bxa4 11.Nxd4 Bd7 12.Qe2 c5 13.Nf3
h6 14.c4 Be6 15.Nc3 O-O 16.Nd5 Bxd5 17.cxd5 Ra7 18.Qd1 Qa8 19.Qxa4
Qxd5 20.Bf4 Rb8 21.Rad1 Rb4 22.Qc2 Qc6 23.Bd2 Re4 24.Bc3 a5 25.Nd2
Rg4 26.f3 Rg6 27.b3 Nd5 28.Ba1 Bg5 29.Nc4 Be7 30.Kh1 a4 31.Qd2
Rg5 32.Re4 axb3 33.axb3 Nb4 34.Qe2 Bf8 35.Re8 d5 36.Bc3 Ra8 37.Rxa8
Qxa8 38.Ne3 Qa2 39.Qxa2 Nxa2 40.f4 Nxc3 41.Rd3 Rg6 42.Rxc3 d4
43.Rd3 dxe3 0-1

[Event "Moscow Open 2009 B"]
[Site "www.moscowchessopen.ru"]
[Date "2009.02.06"]
[Round "7.23"]
[White "Kapov, Albert"]
[Black "Erzhanov, Arman"]
[Result "0-1"]
[WhiteElo "2176"]
[BlackElo "2273"]
[Annotator ""]
[Source ""]
[Remark ""]

1.e4 c5 2.Nf3 Nc6 3.d4 cxd4 4.Nxd4 Nf6 5.Nc3 e5 6.Ndb5 d6 7.Bg5
a6 8.Na3 b5 9.Nd5 Be7 10.Bxf6 Bxf6 11.c3 Bb7 12.Nc2 Ne7 13.Ncb4
O-O 14.Bd3 Nxd5 15.Nxd5 Bxd5 16.exd5 Rb8 17.O-O a5 18.a3 b4 19.axb4
axb4 20.Ra6 Qd7 21.Qf3 bxc3 22.bxc3 Bd8 23.Bf5 Qe7 24.Qe3 g6
25.Bc2 Rb2 26.Qc1 Rb5 27.c4 Rb4 28.Bd3 Bb6 29.Kh1 Bc5 30.Ra5
Qh4 31.f4 Bf2 32.f5 Bg3 33.h3 e4 34.Be2 Be5 35.Qe3 gxf5 36.Rxf5
Rb1+ 37.Rf1 Bf4 38.Qg1 Rb3 39.Ra2 f5 40.Rb1 Rxb1 41.Qxb1 Qg3
42.Qg1 Be3 43.Qf1 f4 44.Bg4 f3 45.gxf3 exf3 46.c5 f2 47.Ra1 Qg1+
48.Qxg1 fxg1Q+ 49.Rxg1 Bxg1 50.Kxg1 dxc5 0-1

[Event "Moscow Open 2009 B"]
[Site "www.moscowchessopen.ru"]
[Date "2009.02.06"]
[Round "7.24"]
[White "Murzin, Lenar"]
[Black "Kozlov, Vladimir N"]
[Result "1-0"]
[WhiteElo "2175"]
[BlackElo "2269"]
[Annotator ""]
[Source ""]
[Remark ""]

1.d4 Nf6 2.c4 e6 3.Nf3 d5 4.Nc3 Bb4 5.cxd5 exd5 6.Bg5 h6 7.Bh4
g5 8.Qa4+ Nc6 9.Bg3 Ne4 10.Rc1 O-O 11.e3 Bf5 12.Bb5 Bxc3+ 13.bxc3
Ne7 14.Be2 h5 15.h4 g4 16.Ne5 Nxg3 17.fxg3 Qd6 18.Qb4 Qe6 19.O-O
f6 20.Nd3 Qxe3+ 21.Kh2 Rae8 22.Nf4 Ng6 23.Nxd5 Qxe2 24.Rxf5 Nxh4
25.gxh4 g3+ 26.Kg1 Qe4 27.Qc4 Re6 28.Rf4 1-0

[Event "Moscow Open 2009 B"]
[Site "www.moscowchessopen.ru"]
[Date "2009.02.06"]
[Round "7.25"]
[White "Kasyanov, Aysen"]
[Black "Fokin, Sergey"]
[Result "0-1"]
[WhiteElo "2257"]
[BlackElo "2142"]
[Annotator ""]
[Source ""]
[Remark ""]

1.d4 Nf6 2.c4 e6 3.Nc3 Bb4 4.Bd2 O-O 5.Nf3 d5 6.e3 b6 7.Bd3 Bb7
8.O-O Be7 9.Rc1 Nbd7 10.cxd5 exd5 11.Qa4 a6 12.Rfd1 Bd6 13.Ne2
Qe7 14.Ng3 g6 15.a3 Rfe8 16.Bb4 c5 17.dxc5 Nxc5 18.Bxc5 bxc5
19.Qh4 Rab8 20.Ng5 Bc8 21.e4 Bxg3 22.hxg3 dxe4 23.Bxe4 h5 24.Bc6
Bd7 25.Bxd7 Nxd7 26.b4 cxb4 27.axb4 Nf6 28.Qc4 Rb5 29.Nf3 Qxb4
30.Qc6 Rb6 31.Qc7 Rbe6 32.Rb1 Qe7 33.Qa5 Ng4 34.Nh2 Nf6 35.Nf3
Qa7 36.Rd8 Rxd8 37.Qxd8+ Kg7 38.Qd2 Qe7 39.Rf1 Qc5 40.Ng5 Re5
41.Nf3 Rd5 42.Qf4 Rf5 43.Qa4 a5 44.Ra1 Rd5 45.Qf4 Qc2 46.Ne1
Qb2 47.Rc1 Rd2 48.Rc7 Rd1 49.Re7 Kf8 50.Qc7 Ng4 51.Qc5 Qb4 52.Qxb4
axb4 53.Re2 Rb1 54.f3 Nf6 55.Kf2 Nd5 56.Nd3 Rd1 57.Nb2 Ra1 58.Rd2
Ra2 59.Ke2 Nb6 60.Kd3 Ra3+ 61.Kd4 Rc3 62.Nd1 Rc4+ 63.Kd3 Rc1
64.Nb2 Rc3+ 65.Kd4 Rc6 66.Ke3 Nc4+ 67.Nxc4 Rxc4 0-1

[Event "Moscow Open 2009 B"]
[Site "www.moscowchessopen.ru"]
[Date "2009.02.06"]
[Round "7.26"]
[White "Bikuzhin, Vaksim"]
[Black "Bazarov, Konstantin"]
[Result "1-0"]
[WhiteElo "2145"]
[BlackElo "2256"]
[Annotator ""]
[Source ""]
[Remark ""]

1.b3 d5 2.Bb2 Bf5 3.Nf3 e6 4.d3 Nf6 5.Nbd2 Nbd7 6.Nh4 Bg6 7.Nxg6
hxg6 8.e3 Bd6 9.Be2 c6 10.h3 Qe7 11.c4 Ba3 12.Qc1 Bxb2 13.Qxb2
Rd8 14.cxd5 exd5 15.O-O O-O 16.b4 Rfe8 17.Nf3 Nf8 18.a3 Nh5 19.Rfe1
f5 20.Bf1 g5 21.Qd4 a6 22.g4 fxg4 23.Qxg4 Nf6 24.Qxg5 N8h7 25.Qg3
Kh8 26.Nh4 Nf8 27.Nf5 Qd7 28.e4 g6 29.Qh4+ N8h7 30.Ng3 dxe4 31.Nxe4
Qd4 32.Qf4 Nd5 33.Qg3 Qg7 34.h4 Re7 35.Nd6 Nhf6 36.Rxe7 Qxe7
37.Nc4 Re8 38.d4 Qe4 39.Nd6 Qxd4 40.Nxe8 Qxa1 41.Qxg6 Nxe8 42.Qxe8+
Kh7 43.Qf7+ Qg7+ 44.Qxg7+ Kxg7 45.Bh3 Nc3 46.Bc8 Nb5 47.Bxb7
Nxa3 48.Bxc6 Nc2 49.b5 axb5 50.Bxb5 Nd4 51.Bd3 Nf3+ 52.Kf1 Nxh4
53.Ke2 Kf6 54.Ke3 Ke5 55.Be4 1-0

[Event "Moscow Open 2009 B"]
[Site "www.moscowchessopen.ru"]
[Date "2009.02.06"]
[Round "7.27"]
[White "Baranov, Ilja"]
[Black "Khatoev, Eduard"]
[Result "0-1"]
[WhiteElo "2247"]
[BlackElo "2120"]
[Annotator ""]
[Source ""]
[Remark ""]

1.d4 d5 2.c4 dxc4 3.Nf3 Nf6 4.e3 a6 5.Bxc4 b5 6.Bb3 Bb7 7.O-O
e6 8.Qe2 c5 9.Rd1 Nbd7 10.dxc5 Bxc5 11.Nc3 Qc7 12.a3 O-O 13.h3
Ne5 14.e4 Nxf3+ 15.Qxf3 Qc6 16.Bc2 b4 17.axb4 Bxb4 18.Re1 Rac8
19.Bd2 Rfd8 20.Re2 a5 21.Ba4 Qa6 22.Rae1 Nxe4 23.Nxe4 Bxd2 24.Rd1
Bb4 25.Rxd8+ Rxd8 26.Qh5 Bxe4 27.Rxe4 Qd3 28.Qe2 Qb1+ 29.Kh2
h6 30.Bc2 Qxb2 31.Rxe6 Bd6+ 32.g3 Qd4 33.Re8+ Rxe8 34.Qxe8+ Bf8
35.Kg2 g6 36.Bb3 Qf6 37.Qa8 Qb6 38.Qd5 Qc7 39.h4 h5 40.Kf1 Bb4
41.Kg2 Qe7 42.Qc4 Be1 43.Qc2 Kg7 44.Kf1 Bb4 45.Kg2 Bc5 46.Qc3+
Kh7 47.Qc4 Kg8 48.Qc2 Qb7+ 49.Kh2 Qb6 50.Qc4 Qa7 51.Qc2 Kg7 52.Kg2
Qb7+ 53.Kg1 Qb6 54.Ba4 Qd6 55.Bb3 Qxg3+ 56.Kf1 0-1

[Event "Moscow Open 2009 B"]
[Site "www.moscowchessopen.ru"]
[Date "2009.02.06"]
[Round "7.28"]
[White "Nikologorskiy, Konstantin"]
[Black "Matveev, Mikhail"]
[Result "1/2-1/2"]
[WhiteElo "2168"]
[BlackElo "2245"]
[Annotator ""]
[Source ""]
[Remark ""]

1.c4 g6 2.Nc3 Bg7 3.g3 e5 4.Bg2 d6 5.d3 f5 6.e4 Nf6 7.exf5 gxf5
8.Bg5 c6 9.Nge2 Be6 10.O-O O-O 11.Qd2 a5 12.Rad1 Na6 13.b3 d5
14.cxd5 cxd5 15.d4 e4 16.Nf4 Bf7 17.Bh3 Qd7 18.Na4 e3 19.Qxe3
Rae8 20.Qf3 Ne4 21.Bh4 b5 22.Nc3 b4 23.Na4 Nb8 24.Qd3 Nc6 25.Ne2
Bh5 26.f3 Qa7 27.Kg2 f4 28.Nxf4 Rxf4 29.gxf4 Nxd4 30.Bf2 Nxf2
31.Rxf2 Kh8 32.Bg4 Qf7 33.Bxh5 Qxh5 34.Qd2 Nf5 35.Re1 Rg8 36.Kh1
Ng3+ 37.Kg1 Ne4 38.Qd3 Qg6+ 39.Rg2 Qxg2+ 40.Kxg2 Bd4+ 41.Kf1
Rg1+ 42.Ke2 Rg2+ 43.Kd1 Nf2+ 44.Kc2 Nxd3+ 45.Kxd3 Bf6 46.Re2
Rg1 47.Nb6 Rd1+ 48.Rd2 Rf1 49.Nxd5 Kg7 50.Ke4 Re1+ 51.Kf5 Bd8
52.Nc7 Bxc7 53.Rd7+ Kh6 54.Rxc7 Re2 55.h4 Rxa2 56.Rc6+ Kh5 57.Ke6
Ra3 58.Rc5+ Kxh4 59.f5 Rxb3 60.f6 Re3+ 61.Kf7 a4 62.Rc4+ Kg5
63.f4+ Kf5 64.Rxb4 Rb3 65.Rxb3 axb3 66.Kg7 b2 67.f7 b1Q 68.f8Q+
Kg4 69.Qf6 1/2-1/2

[Event "Moscow Open 2009 B"]
[Site "www.moscowchessopen.ru"]
[Date "2009.02.06"]
[Round "7.29"]
[White "Tukhvatullin, Vladislav"]
[Black "Zhdanov, Vladimir"]
[Result "1-0"]
[WhiteElo "2227"]
[BlackElo "2025"]
[Annotator ""]
[Source ""]
[Remark ""]

1.e4 c6 2.d4 d6 3.Nf3 Qc7 4.Bc4 Nf6 5.e5 Nd5 6.O-O Bg4 7.exd6
Qxd6 8.h3 Bh5 9.Bb3 e6 10.c4 Nf6 11.Nc3 Be7 12.Be3 O-O 13.g4
Bg6 14.Ne5 Nfd7 15.Nxg6 hxg6 16.Ne4 Qc7 17.f4 c5 18.d5 exd5 19.cxd5
Bd6 20.Rc1 b5 21.Qf3 c4 22.Bc2 Nc5 23.Ng3 Nbd7 24.h4 Rae8 25.Kg2
Nf6 26.Rcd1 Qd7 27.g5 Ng4 28.Bd4 Re7 29.Rde1 Rfe8 30.Rxe7 Rxe7
31.h5 Nd3 32.Bxd3 cxd3 33.Qxd3 Qe8 34.h6 gxh6 35.gxh6 Kh7 36.Kh3
Nxh6 37.Kg2 f5 38.Rh1 Bxf4 39.Bc5 Re1 40.Rxe1 Qxe1 41.Ne2 Qh4
42.Qh3 Qg5+ 43.Kf1 Kg8 44.Bxa7 Ng4 45.Bd4 Be5 46.Bxe5 Nxe5 47.Qb3
f4 48.d6+ Kg7 49.Nd4 Qg4 50.Qc3 Kh6 51.Ne2 Nf7 52.Qd2 g5 53.d7
f3 54.Nc3 b4 55.Nd1 Nd8 56.Qh2+ Kg6 57.Qd6+ Qe6 58.Qxe6+ Nxe6
59.Kf2 g4 60.Ne3 Kg5 61.Kg3 f2 62.Kxf2 Nd8 63.Nd5 b3 64.a4 Kf5
65.a5 1-0

[Event "Moscow Open 2009 B"]
[Site "www.moscowchessopen.ru"]
[Date "2009.02.06"]
[Round "7.30"]
[White "Pogosian, Georgy"]
[Black "Rozhkovan, Vadim"]
[Result "1-0"]
[WhiteElo "2219"]
[BlackElo "1400"]
[Annotator ""]
[Source ""]
[Remark ""]

1.d4 d5 2.Nf3 c6 3.c4 e6 4.Nc3 f5 5.g3 Nf6 6.Bg2 Be7 7.O-O O-O
8.Qc2 Ne4 9.Rb1 a6 10.Ne5 Nd7 11.Bf4 Nxe5 12.Bxe5 Bd7 13.cxd5
exd5 14.Nxe4 fxe4 15.Qb3 Bg4 16.Bxe4 Bxe2 17.Bxh7+ Kh8 18.Rfe1
Bf3 19.Re3 Bg4 20.Bd3 Qd7 21.Rbe1 Bg5 22.f4 Bd8 23.Qb4 Rg8 24.Qd6
Qxd6 25.Bxd6 Bb6 26.Be5 Rgf8 27.Kg2 Bf5 28.Bxf5 Rxf5 29.Rb3 Ba5
30.Rc1 Rf7 31.Rc2 Re8 32.g4 Bd8 33.g5 Kh7 34.Kg3 g6 35.Kg4 Kg8
36.Rh3 Rh7 37.Rcc3 Ree7 38.Bf6 Re8 39.Rxh7 Kxh7 40.Rh3+ Kg8 41.Rh8+
Kf7 42.Rh7+ Ke6 43.Bxd8 Rxd8 44.Rg7 c5 45.Rxg6+ Kf7 46.Rf6+ Kg7
47.dxc5 d4 48.Rd6 1-0

[Event "Moscow Open 2009 B"]
[Site "www.moscowchessopen.ru"]
[Date "2009.02.06"]
[Round "7.31"]
[White "Repkin, Alexander"]
[Black "Shuvalov, Evgenij"]
[Result "1/2-1/2"]
[WhiteElo "2098"]
[BlackElo "2213"]
[Annotator ""]
[Source ""]
[Remark ""]

1.d4 d5 2.Nf3 Nf6 3.e3 c6 4.Nbd2 Bf5 5.Be2 e6 6.O-O Nbd7 7.b3
Bd6 8.Bb2 Qb8 9.c4 O-O 10.h3 h6 11.a3 Bh7 12.Ra2 a5 13.Qa1 b5
14.Rc1 Ne4 15.Nxe4 Bxe4 16.Nd2 Bg6 17.cxb5 cxb5 18.Rc6 b4 19.axb4
Bxb4 20.Ba3 Bxa3 21.Rxa3 Qb4 22.Ra2 Rfc8 23.Qc1 Qb7 24.Rxc8+
Rxc8 25.Qa3 Qb4 26.Qxb4 axb4 27.f3 Rc3 28.Kf2 Bc2 29.Ra4 Bxb3
30.Rxb4 Bc2 1/2-1/2

[Event "Moscow Open 2009 B"]
[Site "www.moscowchessopen.ru"]
[Date "2009.02.06"]
[Round "7.32"]
[White "Remizov, Juri"]
[Black "Reshetnikov, Evgeny"]
[Result "1-0"]
[WhiteElo "2174"]
[BlackElo "2299"]
[Annotator ""]
[Source ""]
[Remark ""]

1.b4 d5 2.e3 Nf6 3.a3 e5 4.Bb2 Bd6 5.Nf3 e4 6.Nd4 c6 7.c4 Nbd7
8.cxd5 cxd5 9.Be2 O-O 10.Nc3 Ne5 11.Qb3 Bb8 12.Rc1 Ng6 13.f4
exf3 14.gxf3 Qd7 15.f4 Qh3 16.Nxd5 Ne4 17.Rg1 Qxh2 18.Nf3 Qf2+
19.Kd1 Ng3 20.Rxg3 Qxg3 21.Qc3 f6 22.Qc4 Kh8 23.Qxc8 Bxf4 24.Qxb7
Bd6 25.Kc2 Qf2 26.Nd4 Be5 27.Bd3 Rac8+ 28.Kb1 Rb8 29.Qa6 Qxd2
30.Bxg6 hxg6 31.Qe2 Qxe2 32.Nxe2 Bxb2 33.Kxb2 Rfe8 34.Rc7 a5
35.Kc3 Re5 36.Kc4 axb4 37.axb4 g5 38.Rd7 g4 39.b5 Re6 40.Kc5
Rc8+ 41.Kd4 Rb8 42.Nef4 g3 43.Rxg7 Rg8 44.Rxg3 Rxg3 45.Nxe6 1-0

[Event "Moscow Open 2009 B"]
[Site "www.moscowchessopen.ru"]
[Date "2009.02.06"]
[Round "7.33"]
[White "Minasyan, Arnold"]
[Black "Orlov, Oleg"]
[Result "1/2-1/2"]
[WhiteElo "2171"]
[BlackElo "2299"]
[Annotator ""]
[Source ""]
[Remark ""]

1.e4 c5 2.Nf3 e6 3.d4 cxd4 4.Nxd4 a6 5.Nc3 b5 6.Bd3 Qb6 7.Nf3
Qc7 8.e5 d5 9.exd6 Bxd6 10.O-O Be7 11.Be4 Bb7 12.Qd4 Bf6 13.Bf4
Bxd4 14.Bxc7 Bxc3 15.Bxb7 Ra7 16.bxc3 Rxb7 17.Bd6 Nf6 18.Rfe1
Rb6 19.Rad1 Nbd7 20.Bb4 Rb7 21.Nd4 Kd8 22.Nc6+ Kc8 23.Rd6 Kc7
24.Ne7 Rb6 25.Red1 Re8 26.g4 a5 27.Ba3 Rxd6 28.Bxd6+ Kb7 29.c4
bxc4 30.f3 Nb6 31.Ba3 Nfd5 32.Nxd5 Nxd5 33.Kf2 Rc8 34.h4 Rc7
35.h5 Nc3 36.Rd8 Nxa2 37.Rh8 Nb4 38.c3 Nd5 39.Rxh7 Nxc3 40.Rxg7
Nb5 41.Bc1 a4 42.h6 a3 43.Bxa3 Nxa3 44.h7 c3 45.h8Q c2 46.Qh6
c1Q 47.Qxc1 Rxc1 48.Rxf7+ Kc6 49.g5 Kd6 50.g6 Rc8 51.g7 Rg8 52.f4
Nc2 53.f5 exf5 54.Rxf5 Rxg7 1/2-1/2

[Event "Moscow Open 2009 B"]
[Site "www.moscowchessopen.ru"]
[Date "2009.02.06"]
[Round "7.34"]
[White "Bobrov, Yury"]
[Black "Dibrov, Ilya"]
[Result "0-1"]
[WhiteElo "2169"]
[BlackElo "2298"]
[Annotator ""]
[Source ""]
[Remark ""]

1.e4 e6 2.Nc3 b6 3.d4 Bb7 4.f3 Bb4 5.Bd2 d5 6.Bb5+ c6 7.Bd3 dxe4
8.fxe4 Nf6 9.Nf3 Ba6 10.Bxa6 Nxa6 11.Qe2 Qc8 12.O-O O-O 13.a3
Be7 14.Kh1 Qb7 15.Rad1 c5 16.d5 exd5 17.Nxd5 Nxd5 18.exd5 Bf6
19.Bc1 Rad8 20.c4 Nb8 21.Bg5 Bxg5 22.Nxg5 h6 23.Ne4 Qd7 24.Qh5
Qe7 25.Rf4 Nd7 26.Rdf1 Rde8 27.Ng3 Ne5 28.b3 Qg5 29.Qd1 Ng6 30.Rf5
Qe3 31.R5f3 Qe5 32.Nf5 Qe2 33.Qa1 Qe5 34.Qc1 Qe2 35.h3 Qe5 36.Re3
Qc7 37.Qa1 f6 38.Rg3 Kh7 39.Qb1 Qe5 40.Kh2 Qe4 41.Qd1 Qe2 42.d6
Qxd1 43.Rxd1 Re5 44.Rf1 Rd8 45.Rd3 Rd7 46.g4 Re2+ 47.Kg3 Ne5
48.Rc3 g6 49.Ne7 Rxd6 50.Nd5 Kg7 51.a4 Kf7 52.a5 b5 53.Nf4 Ra2
54.cxb5 g5 55.Ng2 Rdd2 56.Ne3 Rxa5 57.Rxc5 Kg6 58.Nc4 Rd3+ 59.Kg2
Ra2+ 60.Rf2 Rxf2+ 61.Kxf2 Nxc4 62.bxc4 Rxh3 63.Rc7 Rc3 64.c5
h5 65.gxh5+ Kxh5 66.c6 Rc5 67.Rb7 a6 68.bxa6 Rxc6 69.a7 Ra6 70.Rf7
Kg6 71.Rb7 Ra3 72.Kg2 f5 73.Rd7 Kh5 74.Kf2 Kg4 75.Ke2 f4 76.Rg7
Kh4 77.Kf2 Kg4 78.Ke2 Ra2+ 79.Kd3 f3 80.Ke3 f2 81.Rf7 Rxa7 82.Rxf2
Re7+ 83.Kd2 Kg3 84.Rf8 g4 85.Rg8 Kf3 0-1

[Event "Moscow Open 2009 B"]
[Site "www.moscowchessopen.ru"]
[Date "2009.02.06"]
[Round "7.35"]
[White "Drogilov, Alexander"]
[Black "Kachar, Vladimir"]
[Result "0-1"]
[WhiteElo "2166"]
[BlackElo "2295"]
[Annotator ""]
[Source ""]
[Remark ""]

1.c4 c5 2.Nf3 Nf6 3.g3 b6 4.Bg2 Bb7 5.O-O e6 6.Nc3 Be7 7.d4 cxd4
8.Qxd4 d6 9.Rd1 a6 10.Bg5 Nbd7 11.Ne1 Qc7 12.Rac1 O-O 13.Ne4
Rfd8 14.Nxf6+ Nxf6 15.e4 Rab8 16.h3 Ba8 17.Be3 Nd7 18.b4 Bc6
19.Qb2 Qb7 20.Qb1 b5 21.Bf4 e5 22.Be3 bxc4 23.Rxc4 Bb5 24.Rcc1
Ba4 25.Nc2 Rdc8 26.Rd3 Bc6 27.Ra3 Nf6 28.f3 d5 29.Bg5 dxe4 30.Bxf6
Bxf6 0-1

[Event "Moscow Open 2009 B"]
[Site "www.moscowchessopen.ru"]
[Date "2009.02.06"]
[Round "7.36"]
[White "Sampilov, Bazarjap"]
[Black "Kavalenia, Leonid"]
[Result "0-1"]
[WhiteElo "2157"]
[BlackElo "2295"]
[Annotator ""]
[Source ""]
[Remark ""]

1.e4 e6 2.d4 d5 3.exd5 exd5 4.Bd3 Bd6 5.Nf3 Ne7 6.h3 O-O 7.O-O
c6 8.c3 Nd7 9.Qc2 h6 10.Re1 Re8 11.Nbd2 Nf8 12.Nf1 Qc7 13.Bd2
Bd7 14.b3 Ne6 15.Ne5 c5 16.Nxd7 Qxd7 17.dxc5 Bxc5 18.Qd1 d4 19.c4
Bd6 20.b4 Nc6 21.c5 Bc7 22.Bf5 Rad8 23.Ng3 d3 24.Rc1 Ncd4 25.Bg4
Qd5 26.Kh1 Nf4 27.Bxf4 Rxe1+ 28.Qxe1 Bxf4 29.Rd1 Bxg3 30.fxg3
h5 31.Bf3 Nxf3 32.gxf3 Qxf3+ 33.Kg1 h4 34.gxh4 Qxh3 35.Rd2 Rd4
36.Rg2 d2 0-1